000 02616nam0a2200397 4500
001 RU\NLR\bibl\1812013
005 20260408045059.0
010 _a978-5-98461-861-8
_9200
021 _aRU
_b2011-64845
_94564
035 _a(NLR Aleph) 001802616
090 _a1795992
_c1795992
100 _a20110923d2011 |||y0rusy50 ca
101 0 _arus
_aeng
102 _aRU
105 _aa |||||||||
200 1 _aИнновационный потенциал модернизации и диверсификации кооперативного сектора экономики
_dInnovational potential of modernization and diversification in cooperative sector of economy
_eсборник научных статей профессорско-преподавательского состава по итогам Международной научно-практической конференции, г. Волгоград, 24 марта 2011 г.
_f[редкол.: к. филос. н., доц. И.Б. Бородин (гл. ред.) и др.]
_zeng
210 _aВолгоград
_cВолгоградское научное изд-во
_d2011
215 _a429, [2] с.
_cил.
_d21
300 _aВ надзаг.: Центросоюз Рос. Федерации, Рос. ун-т кооп., Волгоград. кооп. ин-т (фил.)
300 _aЧасть текста на англ. яз.
320 _aБиблиогр. в конце ст.
510 1 _aInnovational potential of modernization and diversification in cooperative sector of economy
_zeng
606 1 _aПотребительская кооперация
_jСъезды, совещания и т.п.
_xИнновационная деятельность
_xУправление
_92368331
_3RU\NLR\auth\661413756
606 1 _aКорпоративное образование
_jСъезды, совещания и т.п.
_92552752
_3RU\NLR\auth\661510443
686 _aУ42(2)108-55-21я431
686 _aЧ45я431
702 1 _aБородин
_bИ. Б.
_gИгорь Борисович
_4340
711 1 2 _a"Инновационный потенциал модернизации и диверсификации кооперативного сектора экономики", международная научно-практическая конференция
_eВолгоград
_f2011
_9277024
_3RU\NLR\AUTH\8810193677
801 0 _aRU
_bNLR
_c20110923
_gRCR
801 1 _aRU
_bNLR
_c20110923
942 _cBOOK
980 _aNB
980 _aNBR